|
|
|
|
| LEADER |
00000cam a2200000 7i4500 |
| 001 |
0000166375 |
| 005 |
20121002.0 |
| 020 |
|
|
|a 9789670315010
|
| 090 |
0 |
0 |
|a 641.59595
|b SUH
|
| 100 |
0 |
|
|a Suhaibah Abdul Mutalib
|
| 245 |
1 |
0 |
|a Makanan tradisi masyarakat Melayu
|c Suhaibah Abdul Mutalib
|
| 260 |
|
|
|a Ampang :
|b Zufad Enterprise ,
|c 2012
|
| 300 |
|
|
|a 88p. ;
|c 27cm.
|
| 490 |
0 |
|
|a Makanan dan masakanan tradisional
|
| 650 |
0 |
0 |
|a Cooking, Malaysian
|x History
|
| 650 |
0 |
0 |
|a Cooking, Malay
|x History
|
| 650 |
0 |
0 |
|a Malaysia
|x Social life and customs
|x Juvenile literature
|
| 999 |
|
|
|a 00263320
|b BUKU
|c JUNIOR BOOKS
|e PERPUSTAKAAN KOMUNITI PETALING JAYA
|
| 999 |
|
|
|a 00263321
|b BUKU
|c JUNIOR BOOKS
|e PERPUSTAKAAN KOMUNITI PETALING JAYA
|
| 999 |
|
|
|a 00263322
|b BUKU
|c JUNIOR BOOKS
|e PERPUSTAKAAN KOMUNITI CAW KOTA DAMANSARA
|
| 999 |
|
|
|a 00280879
|b BUKU
|c RUJUKAN
|e PERPUSTAKAAN KOMUNITI CAW TAMAN MEDAN
|